LEADER 01382nas 2200433 c 450 001 9910894485403321 005 20260127110613.0 035 $a(DE-599)ZDB3027959-8 035 $a(OCoLC)1368465080 035 $a(DE-101)1212396804 035 $a(CKB)3420000000002151 035 $a(DE-599)3027959-8 035 $a(EXLCZ)993420000000002151 100 $a20200622b20042015 |y | 101 0 $alav 135 $aur||||||||||| 181 $ctxt$2rdacontent 182 $cc$2rdamedia 183 $acr$2rdacarrier 200 00$aKultu?ras krustpunkti$ezina?tnisko rakstu kra?jums$fLatvijas Kultu?ras Akade?mijas Zina?tniska?s Pe?tnieci?bas Centrs 210 31$aRi?ga$cLatvijas Kultu?ras akade?mija$d2004-2015 210 21$aRi?ga$cNordik 300 $aGilt als Fortsetzung der 1998 erschienenen Monografie "Kultu?ras krustpunktu mekle?jumi" 311 08$a1691-3019 517 3 $aKultu?ras krustpunktu mekle?jumi 517 1 $aLatvijas Kultu?ras akade?mijas zina?tnisko rakstu kra?jums 608 $aZeitschrift$2gnd-content 676 $a300 676 $a700 676 $a890 686 $aOST$qDE-12$2fid 712 02$aZina?tniska?s Pe?tnieci?bas Centrs$4isb 801 0$b0012 801 1$bDE-101 801 2$b9999 906 $aJOURNAL 912 $a9910894485403321 996 $aKult?ras krustpunkti$94234218 997 $aUNINA